Online katalóg knižníc regiónu Turca

Spevy Sama Chalupku : (Record no. 21391)

MARC details
000 -LEADER
fixed length control field 00737nam a22002291 4500
001 - CONTROL NUMBER
control field 21391
003 - CONTROL NUMBER IDENTIFIER
control field CZ PrNK
005 - DATE AND TIME OF LATEST TRANSACTION
control field 20260228132812.0
007 - PHYSICAL DESCRIPTION FIXED FIELD--GENERAL INFORMATION
fixed length control field ta
008 - FIXED-LENGTH DATA ELEMENTS--GENERAL INFORMATION
fixed length control field 020501s1959 xo slo
020 ## - INTERNATIONAL STANDARD BOOK NUMBER
Qualifying information (Váz.) :
Terms of availability Kčs 7,30
040 ## - CATALOGING SOURCE
Original cataloging agency ABA001
Language of cataloging cze
Transcribing agency ABA001
Modifying agency ABA001
100 1# - MAIN ENTRY--PERSONAL NAME
Personal name Chalupka, Samo,
Dates associated with a name 1812-1883
Relationship aut
245 10 - TITLE STATEMENT
Title Spevy Sama Chalupku :
Remainder of title výber /
Statement of responsibility, etc. Samo Chalupka ; vyd. pripravil Stanislav Šmatlák ; ilustr. Oto Lupták
250 ## - EDITION STATEMENT
Edition statement 1. vyd.
260 ## - PUBLICATION, DISTRIBUTION, ETC.
Place of publication, distribution, etc. Bratislava :
Name of publisher, distributor, etc. Mladé letá,
Date of publication, distribution, etc. 1959
300 ## - PHYSICAL DESCRIPTION
Extent 87 s. ;
Dimensions
490 1# - SERIES STATEMENT
Series statement Školská knižnica. Základné čítanie pre 6. roč
830 #0 - SERIES ADDED ENTRY--UNIFORM TITLE
Uniform title Školská knižnica.
Name of part/section of a work Základné čítanie pre 6. roč
910 ## - USER-OPTION DATA (OCLC)
User-option data ABA001
942 ## - ADDED ENTRY ELEMENTS (KOHA)
Source of classification or shelving scheme Dewey Decimal Classification
Koha item type Krásna literatúra pre dospelých
Suppress in OPAC No
Holdings
Stav vyradenia Strata Poškodenie Spôsob nadobudnutia Domovská knižnica Aktuálna knižnica Dátum nadobudnutia Total checkouts Čiarový kód exemplára Date last seen Typ exemplára
      Dar Obecná knižnica Horná Štubňa Obecná knižnica Horná Štubňa 28.02.2026   4736201574 28.02.2026 Krásna literatúra pre dospelých
Projekt je podporený Slovenskou asociáciou knižníc
Prevádzkuje Turčianska knižnica Martin 2026